| 000 | 00443nam a2200181Ia 4500 | ||
|---|---|---|---|
| 005 | 20231004102627.0 | ||
| 008 | 131103s9999 xx 000 0 und d | ||
| 040 | _aLoreto College | ||
| 041 | _aEnglish | ||
| 082 |
_aF _bPUZO |
||
| 100 | _aPuzo,Mario | ||
| 245 | 4 |
_aThe Fortunate pilgrim _cMario Puzo |
|
| 260 |
_aLondon _bNew English Library _c1964 |
||
| 300 | _a203 p. | ||
| 650 | _aFiction in English | ||
| 850 | _aLCLIB | ||
| 942 | _cBK | ||
| 999 |
_c14623 _d65102 |
||